Taylor Swift Albums by Cover - Statistics

General Stats
  • This quiz has been taken 274 times
  • The average score is 11 of 12
Answer Stats
Picture Answer % Correct
Red
98%
Taylor Swift
98%
1989
97%
Reputation
97%
Fearless
96%
Lover
96%
Speak Now
96%
Evermore
95%
Folklore
95%
Midnights
94%
Red (Taylors Version)
86%
Fearless (Taylors Version)
85%
No matching quizzes found
Score Distribution
Percent of People with Each Score
Percentile by Number Answered
Your Score History
You have not taken this quiz